Datum a čas kvízu
25.5
Celkem bodů
Celkový počet nahraných bodů na tomto kvízu bez doplňovacích otázek.
3.
Pořadí na kvízu
Konečné umístění týmu na tomto kvízu.
Zaznamenané odpovědi
| # | Otázka | Odpověď | Body | Výsledky |
|---|---|---|---|---|
| 1. | Jak se jmenovala žena, jejíž s... | Olga Kočková | 0 | |
| 2. | Bývalý předseda vlády jedné ev... | Rakousko, Sebastian Kurz | 0 | |
| 3. | Letošní vyhlášení tuzemských k... | Muriel | 1 | |
| 4. | V sobotu nastal tzv. mikroúpln... | sněžný | 1 | |
| 5. | Jeden teprve osmnáctiletý česk... | Jakub Menšík, Katar | 0.5 | |
| 6. | Součástí televizního programu... | Hodina pravdy | 1 | |
| 7. | Která veřejně známá osobnost z... | Ladislav Zibura | 1 | |
| 8. | Mezi lety 1996 až 2006 vysílal... | Videostop | 1 | |
| 9. | V dnešní době je velmi populár... | 1B 2D 3C 4A | 1 | |
| 10. | Kdo z uvedených nikdy nemodero... | D | 0 |